000 01044nam a2200289 a 4500
001 5036
003 BD-RjUL
005 20211208234010.0
008 160922r19541952enk 000 0 eng
035 _a(BD-RjUL)5072
040 _aDLC
_cCarP
_dDLC
_dBD-RjUL
_beng
041 _aeng
082 0 4 _219
_a336.24
_bSIS 1954
100 1 _aSimon, John Allsebrook Simon,
_d1873-1954,
_915859
245 1 0 _aSimon's income tax /
_cJohn Allsebrook Simon Simon.
250 _a2nd ed.
260 _aLondon :
_bButterworth,
_c1952-1954
300 _a5 v. in 6. ;
_c25 cm.
505 _aVol. 1 -- Vol. 2 -- Vol. 3 -- Vol. 4 --
525 _aKept up to date by Replacement volumes, loose-leaf Service volumes and special pamphlets called Finance act.
650 0 _aIncome tax
_xLaw and legislation
_zGreat Britain.
_99381
710 1 _aGreat Britain.
_kLaws, statutes, etc. [from old catalog]
_97580
740 0 _aSimon's income tax service.
740 0 _aSimon's income tax service Finance act.
942 _2ddc
_cBK
999 _c5036
_d5036